000 00833nam a22002055i 4500
001 157262
003 ES-MaACL
005 20250809063526.0
008 950206s1869 fr |||| | fre d
040 _aCLM
100 1 _aLaurent, François,
_d1810-1887
_9128741
245 1 0 _aHistoire du droit des gens et des relations internationales.
_nXV,
_pEtudes sur l'histoire de l'humanité : L'empire /
_cpar F. Laurent.
260 _aParis :
_bLibrairie Internationale... :
_bA. Lacroix, Verboeckhoven et Cie. éditeurs...,
_c1869 (
_eBruxelles :
_fTyp. de A. Lacroix Verboeckhoven et Cie...)
300 _a609 p. ;
_c21 cm.
650 0 4 _aDerecho internacional-
_xHistoria.
_911719
650 4 _a
_9241188
852 _aES-MaACL
_jD-4580
_z-- Enc. hol.
852 _aES-MaACL
_jD-2825
_z-- Enc. hol.
999 _c157262
_d157262